Balkan Countries Quiz - Statistics

General Stats
  • This quiz has been taken 450 times
  • The average score is 8 of 11
Answers on the Map
Answers color-coded by a green-red scale on the quiz's map according to % correct below.
 
Answer Stats
Answer % Correct
Greece
85%
Croatia
74%
Romania
74%
Bulgaria
71%
Serbia
70%
Kosovo
68%
Slovenia
68%
Albania
67%
Macedonia
64%
Bosnia and Herzegovina
62%
Montenegro
60%
No matching quizzes found
Score Distribution
Percent of People with Each Score
Percentile by Number Answered
Your Score History
You have not taken this quiz